Start your own store: managing, merchandising and evaluating (Record no. 58181)

MARC details
000 -LEADER
fixed length control field 00779nam a2200205 a 4500
008 - FIXED-LENGTH DATA ELEMENTS--GENERAL INFORMATION
fixed length control field 120416s1982 ||||||||||||||||| || u
020 ## - INTERNATIONAL STANDARD BOOK NUMBER
International Standard Book Number 0138429480
050 ## - LIBRARY OF CONGRESS CALL NUMBER
Classification number HF 5429 Pac
100 ## - MAIN ENTRY--PERSONAL NAME
Personal name Packard, Sidney
245 10 - TITLE STATEMENT
Title Start your own store: managing, merchandising and evaluating
260 ## - PUBLICATION, DISTRIBUTION, ETC.
Place of publication, distribution, etc. Englewood Cliffs, N.J.:
Name of publisher, distributor, etc. FT Prentice-Hall
Date of publication, distribution, etc. 1982
300 ## - PHYSICAL DESCRIPTION
Extent xvii, 238p. : ill.
350 ## - PRICE (NR) (BK AM CF MU VM SE) [OBSOLETE]
Price 0.00
500 ## - GENERAL NOTE
General note Includes index. -Bibliography: p. 181-182.
650 ## - SUBJECT ADDED ENTRY--TOPICAL TERM
Topical term or geographic name entry element STORES, RETAIL--SOUTH AFRICA--MANAGEMENT
650 #0 - SUBJECT ADDED ENTRY--TOPICAL TERM
Topical term or geographic name entry element SUCCESS IN BUSINESS
650 ## - SUBJECT ADDED ENTRY--TOPICAL TERM
Topical term or geographic name entry element SELF-EMPLOYED--UNITED STATES
700 ## - ADDED ENTRY--PERSONAL NAME
Personal name Carron, Alan J
995 ## - RECOMMENDATION 995 [LOCAL, UNIMARC FRANCE]
-- 0.00
-- CBU-MAIN LIBRARY (Kitwe)
-- 1
-- 2.40
-- AVAILABLE
-- Main Library Open Access Collection
Holdings
Withdrawn status Lost status Source of classification or shelving scheme Damaged status Not for loan Home library Current library Shelving location Date acquired Total Checkouts Full call number Barcode Date last seen Price effective from Koha item type
          CBU-MAIN LIBRARY, KITWE. CBU-MAIN LIBRARY, KITWE.   11/30/2022   HF 5429 Pac 004922 11/30/2022 11/30/2022 MONOGRAPH